French Kings - Statistics

General Stats
  • This quiz has been taken 337 times
  • The average score is 40 of 54
Answer Stats
Dynasty Years Answer % Correct
Carolingian 885-888 Charles the Fat
91%
Capet 1314-1316 Louis X
91%
Carolingian 814-840 Louis I
90%
Carolingian 986-987 Louis V
90%
Valois 1461-1483 Louis XI
90%
Carolingian 877-879 Louis II
89%
Capet 1108-1137 Louis VI
89%
Capet 1137-1180 Louis VII
89%
Valois 1498-1515 Louis XII
89%
Carolingian 771-814 Charles I
88%
Carolingian 879-882 Louis III
88%
Carolingian 936-954 Louis IV
88%
Bourbon 1643-1715 Louis XIV
88%
Bourbon 1715-1774 Louis XV
88%
Capet 1226-1270 Louis IX
87%
Capet 1223-1226 Louis VIII
87%
Bourbon 1774-1792 Louis XVI
87%
Bourbon 1610-1643 Louis XIII
86%
Carolingian 843-877 Charles II
85%
Bonaparte 1804-1814 Napoleon I
84%
Valois 1364-1380 Charles V
82%
Carolingian 898-922 Charles III
81%
Valois 1380-1422 Charles VI
81%
Valois 1422-1461 Charles VII
81%
Bonaparte 1852-1870 Napoleon III
81%
Capet 1322-1328 Charles IV
80%
Valois 1483-1498 Charles VIII
79%
Capet 1031-1060 Henry I
79%
Valois 1547-1559 Henry II
79%
Valois 1560-1574 Charles IX
78%
Orleans 1824-1830 Charles X
78%
Valois 1574-1589 Henry III
77%
Bourbon 1589-1610 Henry IV
75%
Orleans 1814-1824 Louis XVIII
73%
Orleans 1830-1848 Louis-Philippe
67%
Valois 1515-1547 Francis I
65%
Valois 1559-1560 Francis II
65%
Capet 1060-1108 Philip I
65%
Capet 1180-1223 Philip II
65%
Robertian 922-923 Robert I
65%
Capet 1270-1285 Philip III
64%
Capet 1285-1314 Philip IV
63%
Capet 1316-1322 Philip V
63%
Capet 1316 John I
62%
Capet 987-996 Hugh Capet
61%
Valois 1350-1364 John II
61%
Capet 996-1031 Robert II
61%
Valois 1328-1350 Philip VI
60%
Carolingian 751-768 Pepin
54%
Carolingian 954-986 Lothair
45%
Robertian 888-898 Odo of Paris
43%
Carolingian 768-771 Carloman I
42%
Carolingian 882-884 Carloman II
41%
Bosonid 923-936 Rudolph
36%
No matching quizzes found
Score Distribution
Percent of People with Each Score
Percentile by Number Answered
Your Score History
You have not taken this quiz